Figure Out The Country By Hints - Statistics

General Stats
  • This quiz has been taken 23 times
    12 since last reset
  • The average score is 10 of 20
Answers on the Map
Answers color-coded by a green-red scale on the quiz's map according to % correct below.
 
Answer Stats
Question Answer % Correct
Northernmost National Capital City In The World Reykjavik
90%
Country With Most Pyramids Sudan
90%
Number Of Countries Russia Borders 14
80%
Name A US State That Touches The Four Corners Arizona/Colorado/New Mexico/Utah
80%
Largest Island In Mediterranean Sea Sicily
80%
Longest River In Europe Volga River
80%
Official Language Of Nigeria English
70%
African Country That Has Never Been Colonized Ethiopia/Liberia
70%
Secret Country Uzbekistan
60%
Deepest Lake In Africa Lake Tanganyika
50%
Official Currency Of Hungary Hungarian Forint
40%
Body Of Water Between Australia and New Zealand Tasman Sea
40%
Most Populated First Level Subdivision In The World Uttar Pradesh
40%
Southernmost Point On Continental Africa Cape Agulhas
20%
Highest Point In Ecuador Mt. Chimborazo
20%
Highest Point In Australia Mt. Kosciuszko
20%
Smallest County In The UK (By Land Area) Rutland
20%
Deepest River In The World Congo River
10%
Mountain Range In Which K2, 2nd Tallest Mountain, Can Be Found Karakoram Range
10%
World's Shallowest Sea Sea of Azov
10%
No matching quizzes found
Score Distribution
Percent of People with Each Score
Percentile by Number Answered
Your Score History
You have not taken this quiz since the last reset